Diágnostico y tratamiento de las dificultades en el aprendizaje / (Record no. 175217)

MARC details
000 -LEADER
campo de control de longitud fija 01012nam a22002535i 4500
001 - NÚMERO DE CONTROL
campo de control 175217
003 - IDENTIFICADOR DE NÚMERO DE CONTROL
campo de control ES-MaACL
005 - FECHA Y HORA DE LA ÚLTIMA TRANSACCIÓN
campo de control 20250814225826.0
008 - DATOS DE LONGITUD FIJA--INFORMACIÓN GENERAL
campo de control de longitud fija 101014s1970 sp |||| | spa d
080 ## - NÚMERO DE LA CLASIFICACIÓN DECIMAL UNIVERSAL
Número de la Clasificación Decimal Universal 37.015.3
100 0# - ENTRADA PRINCIPAL--NOMBRE DE PERSONA
Nombre de persona Brueckner, Leo J.
9 (RLIN) 32067
245 10 - MENCIÓN DEL TÍTULO
Título Diágnostico y tratamiento de las dificultades en el aprendizaje /
Mención de responsabilidad, etc. Leo J. Brueckner, Guy L. Bond ; [traducción de Arturo de la Orden].
250 ## - MENCION DE EDICION
Mención de edición 3ª ed.
260 ## - PUBLICACIÓN, DISTRIBUCIÓN, ETC.
Lugar de publicación, distribución, etc. Madrid [etc.] :
Nombre del editor, distribuidor, etc. Rialp,
Fecha de publicación, distribución, etc. imp. 1970.
300 ## - DESCRIPCIÓN FÍSICA
Extensión 509 p. ;
Dimensiones 24 cm.
490 1# - MENCIÓN DE SERIE
Mención de serie Biblioteca de Educación y Ciencias Sociales. Serie Técnicas y estudios experimentales ;
Designación de volumen o secuencia 2
594 ## - Nota al título y mención de responsabilidad
Nota al título y mención de responsabilidad Tít. original: The diagnosis and treatment of learning difficulties.
650 04 - PUNTO DE ACCESO ADICIONAL DE MATERIA--TÉRMINO DE MATERIA
Término de materia o nombre geográfico como elemento de entrada Trastornos de aprendizaje.
9 (RLIN) 143610
700 1# - ENTRADA AGREGADA--NOMBRE PERSONAL
Nombre de persona Bond, Guy Loraine.
9 (RLIN) 143611
700 0# - ENTRADA AGREGADA--NOMBRE PERSONAL
Nombre de persona Orden Hoz, Arturo de la.
9 (RLIN) 87178
830 00 - PUNTO DE ACCESO ADICIONAL DE SERIE-TÍTULO UNIFORME
Título uniforme Biblioteca de educación y ciencias sociales
Designación de volumen o secuencia 2
9 (RLIN) 231016
852 ## - LOCALIZACIÓN
Ubicación ES-MaACL
Número de control de estantería E-13381
Encuadernación Olim P-478-Ter
Holdings
Estatus retirado Estado de pérdida Estado de daño No para préstamo Biblioteca de origen Biblioteca actual Ubicación en estantería Fecha de adquisición Fuente de adquisición Total de préstamos Signatura topográfica completa Código de barras Visto por última vez Precio de reemplazo Tipo de ítem Koha
        Biblioteca del Ateneo de Madrid Biblioteca del Ateneo de Madrid Depósito 2 14/10/2010     E-13381 1183979 23/02/2023 23/02/2023 Libro impreso